| 000 | 00861nam a2200241Ia 4500 | ||
|---|---|---|---|
| 003 | GCL | ||
| 008 | 140319s9999 xx 000 0 ara d | ||
| 020 | _a1660215977 | ||
| 040 |
_aGCL / _cGCL |
||
| 082 | 0 | 4 |
_a814.008 _bو م |
| 100 | 1 | _aوفاء ابراهيم | |
| 245 | 1 | 0 |
_aمائة وثمانون يوما فى بلاد اليانكى / _cوفاء ابراهيم |
| 250 | _aالاولى | ||
| 260 |
_aالقاهرة : _bدار غريب للطباعة والنشر والتوزيع ، _c2002 |
||
| 300 |
_a323 ص ؛ _c22 سم |
||
| 650 | 0 | 4 | _aالرحالة |
| 650 | 0 | 4 | _aادب الرحلات |
| 650 | 0 | 4 | _aالابداع الادبى |
| 650 | 0 | 4 | _aالعالم العربى - وصف ورحلات |
| 650 | 0 | 4 | _aالحياة الخلوية |
| 650 | 0 | 4 | _aالولايات المتحدة الامريكية - وصف ورحلات |
| 942 |
_2ddc _cBK |
||
| 999 |
_c30305 _d30305 |
||